| 000 | 01093nam2a2200241 4500 | ||
|---|---|---|---|
| 001 | RU\NLR\BIBL_A\022809498 | ||
| 005 | 20260524043732.0 | ||
| 035 | _a(NLR Aleph) 022809498 | ||
| 090 |
_a13709637 _c13709637 |
||
| 100 | _a20260518d1909 u y0rusy50 ca | ||
| 101 | 1 |
_arus _cger |
|
| 102 | _aRU | ||
| 105 | _aa z 000zy | ||
| 200 | 0 | _aЧ. 2 | |
| 210 | _d1909 | ||
| 215 |
_aX, [2], 392 с. _cил. |
||
| 461 | 0 |
_1001v19\rc\1828037 _12001#$aЛюбовь в природе$e[история развития любви]$fВ. Бёльше$gперевод с 26-го нем. издания Э. К. Пименовой$vЧ. 2 _1700#1$aБельше$bВ.$f1861-1939$gВильгельм _95612022 _aБельше, В. (1861-1939) _cС.-Петербург _d1908–1909 _fВ. Бёльше _nиздание С.-Петербургской книжной экспедиции _o[история развития любви] _tЛюбовь в природе _vЧ. 2 |
|
| 852 |
_aNLR _j38.68.4.41(2) |
||
| 852 |
_aNLR _j130/5057(2) |
||
| 942 | _cBOOK | ||
| 980 | _aNB | ||